Sitcom by IMDb Description Quiz Stats

 Plays Quiz Updated Jun 2, 2018

Score 0/24 Timer 05:00
7 Plays Today
% Correct
The Big Bang Theory
95.3%
How I Met Your Mother
94.7%
The Fresh Prince of Bel-Air
94.1%
The Office
94.1%
Scrubs
93.6%
Cheers
92.3%
M*A*S*H
91.9%
Friends
91.2%
The Golden Girls
91.1%
Seinfeld
91.1%
That '70s Show
90.7%
New Girl
89.9%
% Correct
Parks and Recreation
89.7%
Boy Meets World
88.9%
Happy Days
88%
Saved by the Bell
87.7%
30 Rock
86.7%
Arrested Development
86.5%
Dharma & Greg
86.2%
Modern Family
85.4%
Full House
83.4%
I Love Lucy
83.2%
All In The Family
76.1%
Family Ties
73.1%

You're not logged in!

Compare scores with friends on all Sporcle quizzes.
OR
Log In

Sporcle TV

Today on Sporcle TV


Watch our educational content, quiz creation guides, and fun videos on Sporcle TV.

Show Comments

Extras

Top Quizzes Today


Score Distribution

Your Account Isn't Verified!

In order to create a playlist on Sporcle, you need to verify the email address you used during registration. Go to your Sporcle Settings to finish the process.

Report this User

Report this user for behavior that violates our Community Guidelines.

Details: